000 00410nam a22001457a 4500
003 MACL
005 20170811121904.0
008 170811b xxu||||| |||| 00| 0 eng d
040 _cMACL
100 _aमूलाणी,खीमन यू
_968636
245 _aदर्पण के सामने
260 _aकला प्रकाश
650 _aउपन्‍यास
_968637
942 _2ddc
_cHIN
999 _c56841
_d56841